Let's study Japanese
| Main Author: | Maeda, Jun |
|---|---|
| Published: |
Tokyo, Japan:
Charles E. Tuttle Co., Inc.,
1965.
|
| Subjects: |
| LEADER | 00552cam a2200169 7i4500 | ||
|---|---|---|---|
| 001 | 0000047146 | ||
| 005 | 20140811090000.0 | ||
| 020 | |a 0804803625 | ||
| 090 | 0 | 0 | |a PL539 |b .M34 1965 |
| 100 | 1 | |a Maeda, Jun | |
| 245 | 1 | 0 | |a Let's study Japanese |c Jun Maeda. |
| 260 | |a Tokyo, Japan: |b Charles E. Tuttle Co., Inc., |c 1965. | ||
| 300 | |a 130 p. | ||
| 500 | |a Gift: Zainol Ahmad Resource Center | ||
| 650 | 0 | 0 | |a Japanese language -- |x Conversation and phrase books |
| 997 | |a AIDCOMM - Communication and Media, Faculty | ||
| 999 | |a ZARC003276 |b BOK |c OPEN SHELF |e ZARC - In Boxes | ||


